000 00406nam a2200133Ia 4500
008 100328s9999 xx 000 0 und d
082 _b72600
100 _aधर्मापुरीकर मधुकर.
245 _aविश्र्वनाथ
260 _bमॅजेस्टिक.
630 _aविश्र्वनाथ
730 _aविश्र्वनाथ
942 _cBOOK
999 _c558321
_d558318